Κατάλογος Βιβλιοθηκών Mediterranean College

Διαφορικός και Ολοκληρώτικος Λογισμός με Αναλυτική Γεωμετρία / Τρίτη Αγγλική Έκδοση. (Record no. 5090)

MARC details
000 -LEADER
fixed length control field 01744cam a22002054a 4500
005 - ΗΜΕΡΟΜΗΝΙΑ ΚΑΙ ΩΡΑ ΤΕΛΕΥΤΑΙΑΣ ΕΝΗΜΕΡΩΣΗΣ
Πεδίο ελέγχου 20250605164204.0
008 - FIXED-LENGTH DATA ELEMENTS--GENERAL INFORMATION
Πεδίο ελέγχου σταθερού μήκους 250528s ||||||||||||||||||||||||d
035 ## - SYSTEM CONTROL NUMBER
System control number 19844
020 ## - ISBN
ISBN 201060302
040 ## - ΠΗΓΗ ΚΑΤΑΛΟΓΟΓΡΑΦΗΣΗΣ
Φορέας πρωτότυπης καταλογογράφησης MC Athens Campus Library
Γλώσσα καταλογογράφησης Ελληνικά, Μοντέρνα (1453-)
Modifying agency MC Athens Campus Library
Κανόνες περιγραφικής καταλογογράφησης AACR2
245 1# - ΤΙΤΛΟΣ ΚΑΙ ΔΗΛΩΣΗ ΥΠΕΥΘΥΝΟΤΗΤΑΣ
Τίτλος Διαφορικός και Ολοκληρώτικος Λογισμός με Αναλυτική Γεωμετρία / Τρίτη Αγγλική Έκδοση.
Number of part/section of a work Τόμος Α΄
260 ## - PUBLICATION, DISTRIBUTION, ETC.
Name of publisher, distributor, etc. Παπαζήση,
Date of publication, distribution, etc. 1984
300 ## - PHYSICAL DESCRIPTION
Extent 644
520 ## - SUMMARY, ETC.
Summary, etc. Ανισότητες, Απόλυτη Τιμή, Απόλυτη Τιμή και Ανισότητες, Σχέσεις και Συναρτήσεις και Γραφικές Παραστάσεις, Σύνολα και Συμβολισμοί, Αριθμητικό Επίπεδο και Γραφικές Παραστάσεις, Συναρτήσεις και Συμβολισμοί, Σχέσεις και Τομές και Συμμετρία, Πεδίο Ορισμού και Πεδίο Τιμών και Ασύμπτωτοι, Η Ευθεία, Τύπος Απόστασης και Τύπος Μεσοδιαστήματος, Κλίση Ευθείας και Παράλληλες και Κάθετες Ευθείες, Η Ευθεία Γραμμή, Εισαγωγή στο Λογισμό και Όρια, Η Παράγωγος, Γεωμετρική Ερμηνεία της Παραγώγου, Στιγμιαία Ανυσματική Ταχύτητα και Ταχύτητα: Επιτάχυνση, Ορισμός του Ορίου, Θεωρήματα επί των Ορίων, Όρια Ακολουθιών.
700 1# - ΠΡΟΣΘΕΤΗ ΑΝΑΓΡΑΦΗ--ΦΥΣΙΚΟ ΠΡΟΣΩΠΟ
Personal name Morrey Charles B. Jr
9 (RLIN) 6004
700 1# - ΠΡΟΣΘΕΤΗ ΑΝΑΓΡΑΦΗ--ΦΥΣΙΚΟ ΠΡΟΣΩΠΟ
Personal name Protter Murray H
9 (RLIN) 6005
942 ## - ADDED ENTRY ELEMENTS (KOHA)
Koha item type Books
Holdings
Τύπος τεκμηρίου Βιβλιοθήκη Τρέχουσα τοποθεσία Barcode Αριθμός εισαγωγής Ημερομηνία απόκτησης Ταξιθετικό σύμβολο Αριθμός αντιτύπου Κατάσταση απόσυρσης Κατάσταση χαμένου Κατάσταση κατεστραμμένου Μη δανεισμός Σύνολο δανεισμών Ημερομηνία τελευταίας εμφάνισης Η τιμή ισχύει από
Books MC Athens Campus Library MC Athens Campus Library 9780000050892 5948 05/06/2025 515.15 PRO V.A 1           05/06/2025 05/06/2025

MC Athens Campus Library
Πατησίων 94 & Κοδριγκτώνος 13, 104 34
Πελλήνης 8 & Πατησίων 107, 112 51
Τ: +30 210 8899600

MC Thessaloniki Campus Library
Ίωνος Δραγούμη 21, 54625 | Ίωνος Δραγούμη 15, 54625
Τ: +30 2310 287779 – Τ: +30 2314 440300